|
|
|
|
| LEADER |
01964cas a2200241 a 4500 |
| 001 |
AALejournalIMF005018 |
| 008 |
230101c9999 xx r poo 0 0eng d |
| 020 |
|
|
|z 9781451930054
|
| 022 |
|
|
|a 0430-473X
|
| 040 |
|
|
|a BD-DhAAL
|c BD-DhAAL
|
| 110 |
2 |
|
|a International Monetary Fund.
|b External Relations Dept.
|
| 240 |
1 |
0 |
|a Finances and Developpement, juin 2008.
|l French
|
| 245 |
1 |
0 |
|a Finances and Developpement, juin 2008.
|
| 264 |
|
1 |
|a Washington, D.C. :
|b International Monetary Fund,
|c 2008.
|
| 300 |
|
|
|a 1 online resource (57 pages)
|
| 490 |
1 |
|
|a Finance and Development
|
| 500 |
|
|
|a <strong>Off-Campus Access:</strong> No User ID or Password Required
|
| 500 |
|
|
|a <strong>On-Campus Access:</strong> No User ID or Password Required
|
| 506 |
|
|
|a Electronic access restricted to authorized BRAC University faculty, staff and students
|
| 520 |
3 |
|
|a Le numero de juin 2008 aborde sous differents angles la crise des marches financiers dans les pays avances. Les articles se penchent sur les origines de la crise du marche hypothecaire des subprimes aux Etats-Unis et suivent a la trace ses effets de contagion a d'autres marches. Les auteurs s'interessent aux mesures a prendre pour prevenir les crises futures. Les autres articles sont consacres aux regles de Bale II en matiere d'exigences de fonds propres, au decouplage ou a la convergence des pays emergents et des pays industrialises, aux flux de capitaux vers les pays a faible revenu, aux efforts en vue de realiser les OMD, et aux interventions sur les marches des changes. Dans les rubriques habituelles, -- L'ABC de l'economie -- est consacre aux marches de gre a gre, -- Paroles d'economistes -- a Jacques Polak, et -- Pleins feux -- a la fracture numerique.
|
| 538 |
|
|
|a Mode of access: Internet
|
| 830 |
|
0 |
|a Finance and Development; Finance and Development ;
|v No. 0045/002
|
| 856 |
4 |
0 |
|z Full text available on IMF
|u http://elibrary.imf.org/view/journals/022/0045/002/022.0045.issue-002-fr.xml
|z IMF e-Library
|